00673nam a22002177a 450000500170000001000130001702000220003003500130005203700160006504000120008108200150009324500970010826000540020527000190025930000240027850000400030265000310034265000420037370000180041570000220043320170124110009.0 aA-612793 c00.00a8170187540 aA-612793 bCen Lib/Ret aDPLbEN a331.4bWOM aWomen and work :cedited by Alakh N. Sharma [and] Seema Singh bchanging scenario in india / bIndian Society of Labour Economics aPatna c1993 bPatna e800001 axi, 380p.c21cm(Hb) aIncludes bibliographical references aEconomics--Women and works aEconomic development - Role of women  aSingh, Seema  aSharma, Alakh N.